| LEADER | 02781nam a2200349 4500 | ||
|---|---|---|---|
| 082 | |a 807.6 |b B103t | ||
| 100 | |a | ||
| 245 | |a Bài tập ngữ văn 6 |c Nguyễn Khắc Phi, Nguyễn Đình Chú, Nguyễn Minh Thuyết |n T.1 | ||
| 260 | |a H. |b Giáo dục |c 2002 | ||
| 300 | |a 80 tr. |c 24 cm. | ||
| 520 | |a v.v... | ||
| 653 | |a Văn học | ||
| 653 | |a Ngữ văn | ||
| 653 | |a Lớp 6 | ||
| 653 | |a Bài tập | ||
| 942 | |2 ddc |c STK0 | ||
| 999 | |c 8911 |d 8911 | ||
| 952 | |0 0 |1 0 |2 ddc |4 0 |6 807_600000000000000_B103T |7 0 |8 800 |9 73117 |a qbu |b qbu |c D5 |d 2015-05-04 |g 3300 |o 807.6 B103t. |p 8509.c1 |r 0000-00-00 |w 2015-05-04 |y STK0 | ||
| 952 | |0 0 |1 0 |2 ddc |4 0 |6 807_600000000000000_B103T |7 0 |8 800 |9 73118 |a qbu |b qbu |c D5 |d 2015-05-04 |g 3300 |o 807.6 B103t. |p 8509.c2 |r 0000-00-00 |w 2015-05-04 |y STK0 | ||
| 952 | |0 0 |1 0 |2 ddc |4 0 |6 807_600000000000000_B103T |7 0 |8 800 |9 73119 |a qbu |b qbu |c D5 |d 2015-05-04 |g 3300 |o 807.6 B103t. |p 8509.c3 |r 0000-00-00 |w 2015-05-04 |y STK0 | ||
| 952 | |0 0 |1 0 |2 ddc |4 0 |6 807_600000000000000_B103T |7 0 |8 800 |9 73120 |a qbu |b qbu |c D5 |d 2015-05-04 |g 3300 |o 807.6 B103t. |p 8509.c4 |r 0000-00-00 |w 2015-05-04 |y STK0 | ||
| 952 | |0 0 |1 0 |2 ddc |4 0 |6 807_600000000000000_B103T |7 0 |8 800 |9 73121 |a qbu |b qbu |c D5 |d 2015-05-04 |g 3300 |o 807.6 B103t. |p 8509.c5 |r 0000-00-00 |w 2015-05-04 |y STK0 | ||
| 952 | |0 0 |1 0 |2 ddc |4 0 |6 807_600000000000000_B103T |7 0 |8 800 |9 73122 |a qbu |b qbu |c D5 |d 2015-05-04 |g 3300 |o 807.6 B103t. |p 8509.c6 |r 0000-00-00 |w 2015-05-04 |y STK0 | ||
| 952 | |0 0 |1 0 |2 ddc |4 0 |6 807_600000000000000_B103T |7 0 |8 800 |9 73123 |a qbu |b qbu |c D5 |d 2015-05-04 |g 3300 |o 807.6 B103t. |p 8509.c7 |r 0000-00-00 |w 2015-05-04 |y STK0 | ||
| 952 | |0 0 |1 0 |2 ddc |4 0 |6 807_600000000000000_B103T |7 0 |8 800 |9 73124 |a qbu |b qbu |c D5 |d 2015-05-04 |g 3300 |o 807.6 B103t. |p 8509.c8 |r 0000-00-00 |w 2015-05-04 |y STK0 | ||
| 952 | |0 0 |1 0 |2 ddc |4 0 |6 807_600000000000000_B103T |7 0 |8 800 |9 73125 |a qbu |b qbu |c D5 |d 2015-05-04 |g 3300 |o 807.6 B103t. |p 8509.c9 |r 0000-00-00 |w 2015-05-04 |y STK0 | ||
| 952 | |0 0 |1 0 |2 ddc |4 0 |6 807_600000000000000_B103T |7 0 |8 800 |9 73126 |a qbu |b qbu |c D5 |d 2015-05-04 |g 3300 |o 807.6 B103t. |p 8509.c10 |r 0000-00-00 |w 2015-05-04 |y STK0 | ||
| 952 | |0 0 |1 0 |2 ddc |4 0 |6 807_600000000000000_B103T |7 0 |8 800 |9 73127 |a qbu |b qbu |c D5 |d 2015-05-04 |g 3300 |o 807.6 B103t. |p 8509.c11 |r 0000-00-00 |w 2015-05-04 |y STK0 | ||
| 952 | |0 0 |1 0 |2 ddc |4 0 |6 807_600000000000000_B103T |7 0 |8 800 |9 73128 |a qbu |b qbu |c D5 |d 2015-05-04 |g 3300 |o 807.6 B103t. |p 8509.c12 |r 0000-00-00 |w 2015-05-04 |y STK0 | ||
| 952 | |0 0 |1 0 |2 ddc |4 0 |6 807_600000000000000_B103T |7 0 |8 800 |9 73129 |a qbu |b qbu |c D5 |d 2015-05-04 |g 3300 |o 807.6 B103t. |p 8509.c13 |r 0000-00-00 |w 2015-05-04 |y STK0 | ||
| 952 | |0 0 |1 0 |2 ddc |4 0 |6 807_600000000000000_B103T |7 0 |8 800 |9 73130 |a qbu |b qbu |c D5 |d 2015-05-04 |g 3300 |o 807.6 B103t. |p 8509.c14 |r 0000-00-00 |w 2015-05-04 |y STK0 | ||
| 952 | |0 0 |1 0 |2 ddc |4 0 |6 807_600000000000000_B103T |7 0 |8 800 |9 73131 |a qbu |b qbu |c D5 |d 2015-05-04 |g 3300 |o 807.6 B103t. |p 8509.c15 |r 0000-00-00 |w 2015-05-04 |y STK0 | ||